Países que empiezan por la E en una mapa - Estadísticas

Estadísticas generales
  • Esta prueba ha sido intentada 106 veces
  • La puntuación promedio es 11 de 12
Respuestas en el mapa
Las respuestas están codificadas por una escala verde-roja en el mapa de la prueba según el % correcto abajo.
 
Estadísticas de respuestas
País % Correcto
España
100%
Estados Unidos
100%
Ecuador
99%
Egipto
99%
Estonia
99%
Eslovaquia
97%
Eslovenia
97%
Etiopía
97%
El Salvador
93%
Emiratos Árabes Unidos
93%
Eritrea
91%
Esuatini
82%
No se encontraron pruebas coincidentes
Distribución de puntuación
Porcentaje de gente con cada puntuación
Porcentaje por número respondido
Historial de tus puntuaciones
No has intentado esta prueba.